| 000 | 01407nam a2200325 c 4500 | ||
|---|---|---|---|
| 999 |
_c186086 _d186086 |
||
| 003 | BLK | ||
| 005 | 20240215113021.0 | ||
| 008 | 180411b bul|||||r ||||||| ||bul|| | ||
| 010 | _aKNG00195080000 | ||
| 040 | _aBLK | ||
| 041 |
_aBUL _cBUL |
||
| 080 |
_aНемска литература _b821.112.2 _x-31 _z821.112.2-31 |
||
| 100 |
_aМан, Томас _9254474 |
||
| 139 |
_aМан, Томас _bМ 25 |
||
| 245 | 1 | 0 |
_aЙосиф и неговите братя : Тетралогия _bКн. 1 - За том: Романи _cТомас Ман; прев. от нем. Страшимир Джамджиев; с предг. от Исак Паси. _nКн. 1 _pИсториите Иаковови. Младият Йосиф |
| 257 | _aDEU | ||
| 260 |
_aСофия _bНар. култура _c1984 |
||
| 300 | _c21 см | ||
| 380 | _aX | ||
| 700 | 1 |
_aДжамджиев, Страшимир _eпрев. от нем. _9368533 |
|
| 700 | 1 |
_aПаси, Исак _eс предг. от _9376232 |
|
| 760 | 1 |
_aМан, Томас _d1984 _h680 с., 1 л. : портр. _tКн. 1 Историите Иаковови. Младият Йосиф |
|
| 852 | _aЦб 125152 | ||
| 856 | 4 |
_qpdf _i0.00 _ldisable |
|
| 856 | 4 |
_qpdf _i0.00 _ldisable |
|
| 942 |
_cKNG _n0 _s1 _01 |
||
| 944 |
_aCR _c03.11.2016 _k30530 _lМинев Младен |
||
| 944 |
_aED _c03.11.2016 _kСтанимира_Цанева |
||
| 999 | _d186086 | ||